| 000 | 00644nam a2200205 u 4500 | ||
|---|---|---|---|
| 005 | 20240924071239.0 | ||
| 008 | 080730s2007 r 000 0 eng d | ||
| 020 | _a1404268138 | ||
| 035 | _aUPN01000158505 | ||
| 049 | _aI | ||
| 050 | 4 |
_aPZ71 _bH3.52 |
|
| 100 | 1 | _aHaladay, Max | |
| 245 | 1 | 0 |
_aMax está enfadado / _cMax Haladay ; tr. María Cristina Brusca. |
| 260 |
_aNew York : _bRosen Classroom Books & Materials, _cc2007. |
||
| 300 |
_a8 p. : _bprincipalmente il. col. |
||
| 440 | 0 |
_aLecturas del barrio. _pCiencia ficción |
|
| 650 | 4 |
_aLiteratura infantil _94445 |
|
| 650 | 4 |
_aLibros y lectura para niños _92290 |
|
| 905 | _aInfantil | ||
| 999 |
_c130619 _d130619 |
||